000
00343 a2200169 4500
001
189044
020
_a
040
_c
Magnum
100
_a
Sabino, Fernando
240
1
0
_a
Zélia, uma paixão
_l
por
245
1
0
_a
Zélia, uma paixão
300
_a
267
362
0
_a
1991
440
1
_a
Record
697
_a
LITERATURA GERAL
942
_c
BK
999
_c
189044
_d
189044